1204 1901 1685 1122 1827 1206 1671 1784 1988 1553 1986 1951 1543 1587 1373 1019 1797 1021 1550 1373 1912 1747 1536 1345 1920 1555 1288 1245 1108 1933 1087 1058 1872 1366 1222 1799 1318 1717 1076 1378 1960 1900 1438 1078 1978 1027 1964 1949 1165 1257 1053 1522 1602 1227 1300 1673 1537 1507 1718 1522 1598 1760 1635 1395 1023 1187 1709 1449 1948 1988 1281 1507 1233 1794 1601 1646 1865 1759 1114 1299 1807 1214 1194 1826 1340 1389 1474 1440 1911 1658 1550 1710 1710 1914 1623 1961 1698 1946 1839 BCNSPRNW ULIB Ver.6.0+V

เปลี่ยนเป็นภาษาไทย

Change to English
 แสดงรายละเอียดบรรณานุกรม
  กลับหน้าหลัก

Brief Record : Get Marc (ISO 2709) : E-mail record : QR code < ปิดหน้าต่าง
LEADER : 00000nam 2200000uu 4500
001    13399127699
003     ULIB
008    210420s2562||||th 000 0 tha d
020    ^a9786167854144
060  4 ^aWT100^bสส677
245 00 ^aสาระสำคัญ "การพัฒนาศักยภาพทีมนำประเด็นการเตรียมความพร้อมสังคมสูงอายุ" ระหว่างวันที่ 1-3 เมษายน 2562ณ ห้องประชุมกัลปพฤกษ์ โรงแรมเวสเทิร์นแกรนด์ ราชบุรี อำเภอเมืองจังหวัดราชบุรี /^cกองบรรณาธิการ, ทัศนีย์ ญาณะ, วาสนา โกสีย์วัฒนา,พฤกษา บุกบุญ
246 30 ^aการพัฒนาศักยภาพทีมนำ ประเด็นการเตรียมความพร้อมสังคมสูงอายุ
260    ^aนนทบุรี :^bมูลนิธิสถาบันวิจัยและพัฒนาระบบสุขภาพชุมชน (มสพช.),^c2562
300    ^a54 หน้า :^bภาพประกอบสี ;^c19 ซม.
650  4 ^aผู้สูงอายุ
650  4 ^aระบบบริการสุขภาพ
650  4 ^aคุณภาพชีวิตผู้สูงอายุ
700 0  ^aทัศนีย์ ญาณะ,^eบรรณาธิการ
700 0  ^aพฤกษา บุกบุญ,^eบรรณาธิการ
710 2  ^aมูลนิธิสถาบันวิจัยและพัฒนาระบบสุขภาพชุมชน (มสพช.)
945    ^p0^l0^i008024
999    ^aประนอม เกษจรัล
รายการนี้ยังไม่มีแท็ก
คุณยังไม่ได้ล็อกอิน คุณสามารถมีกิจกรรมร่วมกับเว็บไซต์ได้ แต่ต้องล็อกอินก่อน ::
  ล็อกอิน

รายการสื่อสารสนเทศ

ลำดับที่ ประเภท เลขเรียก/บาร์โค้ด สถานที่ สถานะ
1. วิทยาศาสตร์การแพทย์ และสุขภาพ
วิทยาศาสตร์การแพทย์ และสุขภาพ
WT100 สส677 ฉ.1 
  Barcode: 008024
ห้องสมุดวิทยาเขตสวรรค์ประชารักษ์
►หนังสือทั่วไป
บนชั้น

รายการใกล้เคียง
    หัวเรื่อง [ผู้สูงอายุ]
    หัวเรื่อง [ระบบบริการสุขภาพ]
    หัวเรื่อง [คุณภาพชีวิตผู้สูงอายุ]

BibComment


ยังไม่เคยถูกคอมเมนท์

คอมเมนท์ทรัพยากรรายการนี้
  คอมเมนท์: สาระสำคัญ การพัฒ..


 Copyright 2026. Bcnsprnw @Library